000 00741nam a2200193Ia 4500
003 GCL
008 140319s9999 xx 000 0 ara d
040 _aGCL /
_cGCL
082 0 4 _a251
_bع م
100 1 _aالانصارى، عبد العلى محمد بن
245 1 0 _aالمستصفى من علم الاصول :
_bومعه كتاب فواتح الرحموت /
_cالانصارى، عبد العلى محمد بن
700 1 _aالغزالى : حجة الاسلام ابو حامد محمد بن محمد بن محمد بن احمد الطوسى
260 _aبيروت :
_bدار الفكر
300 _a435 ص ؛
_c26 سم
490 _a
650 0 4 _aالاصول
650 0 4 _aالفقه الاسلامى
942 _2ddc
_cBK
999 _c37478
_d37478